| 000 | 00735cab a2200229 4500 | ||
|---|---|---|---|
| 001 | ABS48245 | ||
| 008 | 090401t1993 xxu||||| |||| 00| 0 eng d | ||
| 035 | _a(Sirsi) u65667 | ||
| 041 | _aeng | ||
| 100 | _aMcAndrews, P. | ||
| 245 | _aTerminating tenancies | ||
| 260 | _c1993 | ||
| 350 | _a0 | ||
| 490 |
_aLaw Society`s Gazette _v90(9) 3 March 1993, 17-18(2) |
||
| 520 | _aConsiders the effect of a disclaimer lease on lessors and lessees discussing the case "Re A.E. Realisations (1985) Ltd" (1983 3 All ER 83). | ||
| 650 | _aDISCLAIMER LEASES | ||
| 650 | _aINSOLVENCY ACT 1986 S182 | ||
| 650 | _aLANDLORD AND TENANT ACT 1954 S25 | ||
| 690 | _aLANDLORD AND TENANT-BUSINESS TENANCIES | ||
| 942 | _n0 | ||
| 948 | _c04/03/1997 | ||
| 999 |
_c40973 _d40973 |
||